| Tag |
First Indicator |
Second Indicator |
Subfields |
| LEADER |
00000cam a22000004a 4500 |
| 001 |
in00002098685 |
| 005 |
20151103050943.0 |
| 008 |
060221s2006 pau b 001 0 eng |
| 010 |
|
|
|a 2006008627
|
| 015 |
|
|
|a GBA644625
|2 bnb
|
| 016 |
7 |
|
|a 013459469
|2 Uk
|
| 020 |
|
|
|a 0822942852 (cloth : alk. paper)
|
| 024 |
3 |
|
|a 9780822942856
|
| 035 |
|
|
|a (OCoLC)ocm64770978
|
| 040 |
|
|
|a DLC
|c DLC
|d BAKER
|d UKM
|d C#P
|d TXA
|d UtOrBLW
|
| 042 |
|
|
|a pcc
|
| 049 |
|
|
|a TXAM
|
| 050 |
0 |
0 |
|a HV4708
|b .A24 2006
|
| 082 |
0 |
0 |
|a 179/.3
|2 22
|
| 100 |
1 |
|
|a Acampora, Ralph R.,
|d 1965-
|
| 245 |
1 |
0 |
|a Corporal compassion :
|b animal ethics and philosophy of body /
|c Ralph R. Acampora.
|
| 264 |
|
1 |
|a Pittsburgh, PA :
|b University of Pittsburgh Press,
|c [2006]
|
| 264 |
|
4 |
|c ©2006
|
| 300 |
|
|
|a xv, 201 pages ;
|c 24 cm.
|
| 336 |
|
|
|a text
|b txt
|2 rdacontent
|
| 337 |
|
|
|a unmediated
|b n
|2 rdamedia
|
| 338 |
|
|
|a volume
|b nc
|2 rdacarrier
|
| 504 |
|
|
|a Includes bibliographical references (pages 177-197) and index.
|
| 505 |
0 |
|
|a Introduction: Somaesthetics and animal ethics -- Interspecies ethics and phenomenology of body : precursors and pathways -- Flesh-and-blood being-in-a-world : toward a transpecific ontology of somatic society -- Appreciation of animal nature under the aspect of bodiment -- Ethos and Leib : "symphysics" of transpecific morality -- Body bioethics in realms of the carnal and the carceral -- Contexts and promise of corporal compassion.
|
| 650 |
|
0 |
|a Animal rights
|x Philosophy.
|
| 650 |
|
0 |
|a Animals (Philosophy)
|
| 650 |
|
0 |
|a Human-animal relationships
|x Philosophy.
|
| 994 |
|
|
|a C0
|b TXA
|
| 948 |
|
|
|a cataloged
|b h
|c 2006/7/21
|d c
|e jlanham
|f 2:21:27 pm
|
| 999 |
|
|
|a MARS
|
| 999 |
f |
f |
|s 22f73d5f-d75a-377d-8f85-5afb7dccf65d
|i 6212e071-8796-36f1-966e-adf0fc199eb9
|t 0
|
| 952 |
f |
f |
|p normal
|a Texas A&M University
|b College Station
|c Sterling C. Evans Library
|d Evans: Library Stacks
|t 0
|e HV4708 .A24 2006
|h Library of Congress classification
|i unmediated -- volume
|m A14834599402
|
| 998 |
f |
f |
|a HV4708 .A24 2006
|t 0
|l Evans: Library Stacks
|